00569nam a2200157Ia 4500008004100000024005600041082001800097100005800115110002000173245003300193260002600226600002200252650003300274856008700307999001700394260210s9999 xx 000 0 und d a20B-002-TE, 20B-005-PE, 20B-006-PE & 20B-014-PE a621.11072 KHA aRaheela Khan, Rida Fatima, Muhammad Zain & Aatika aDr. Abdul Qadir 0aSmart energy meter GSM based aKarachi:bUITU,c2020 aPower Engineering aBachelor of Engineering (BE) uhttps://drive.google.com/file/d/1bBgJGgeWVwMDxtJHFIugD-Xi_FOwClj3/view?usp=sharing c33375d33375